000 01480nam a2200373 c 4500
999 _c150342
_d150342
003 BLK
005 20250724101947.0
008 180410b bul|||||r ||||||| ||bul||
010 _aKNG00156664000
020 _a978-954-655-452-9
040 _aBLK
041 _aBUL
_cBUL
072 7 _2bullib
_aН83
_xЧужда художествена литература Н
080 _aАнглийска литература
_b821.111
_x-31
_z821.111-31
100 1 _aБредфорд, Барбара Тейлър
_eпърви автор
_943155
139 _aБредфорд, Барбара Тейлър
_bБ 80
245 1 0 _aНепозволени игри
_bРоман
_cБарбара Тейлър Бредфорд; прев. Анета Макариева-Лесева.
257 _aGBR
260 _bБард
_c2014
_fХасково : Полиграфюг
300 _a384 с.
_c21 см
380 _aX
490 _9485897
_aЕма Харт
_vКн. 7
500 _aОриг. загл. Breaking the Rules / Barbara Taylor Bradford.
653 _aромани
659 _aН
700 1 _aМакариева-Лесева, Анета Божидарова
_eпрев.
_991026
852 _aЦб 268118
856 4 _qpdf
_i0.00
_ldisable
856 4 _qpdf
_i0.00
_ldisable
942 _cKNG
_n0
_0138
_s1
944 _aCR
_c14.02.2014
_lЦветелина Шанова
_k30531
944 _aED
_c04.01.2018
_lф /
_kЛюдмила_Стоянова
999 _d150342